LEADER 00696naa a2200157 i 4500 001 000000306425 003 CaOOAMICUS 005 20180831172856.0 008 180831n xx u000 u eng u 013 $a14885 040 $aSeMil$bita 100 1 $aWesterfield Tucker, Karen B.$0(OLS)http://semarc/name/87533 245 10$a"Lex Credendi, Lex Canendi" :$bNoting the Faith of the Church. 650 4$aCanto liturgico.$0(OLS)http://semarc/subject/1875 773 0 $tEcumenical theology in worship, doctrine, and life.$dOxford ; New York : Oxford University Press, 1999.$z0-19-513136-3$gp.40-54$w()115716 996 $6245$a"Lex Credendi, Lex Canendi" :$bNoting the Faith of the Church$9(OLS)http://semarc/title/381838 LEADER 01194nam a2200265 i 4500 001 000000123499 003 CaOOAMICUS 005 20040226000000.0 008 040226s1980 it u000 u ita u 013 $a96195 040 $aSeMil$bita 240 10$aVocabulaire de théologie biblique.$0(OLS)http://semarc/title/149391 245 10$aDizionario di teologia biblica /$cPubblicato sotto la direzione di Xavier Léon-Dufour e di Jean Duplacy ... [et al.]. 250 $a5. ed., riveduta e corretta. 260 $aGenova :$bMarietti,$c1980. 300 $aXXVI, 1418 p. ;$c25 cm. 490 0 $aCollana biblica [Marietti] 650 4$aTeologia biblica - Enciclopedie e dizionari.$0(OLS)http://semarc/subject/990 700 1 $aDuplacy, Jean,$d<1916-1983>.$0(OLS)http://semarc/name/32501 700 1 $aLéon-Dufour, Xavier,$c.$0(OLS)http://semarc/name/986 830 0$aCollana biblica.$0(OLS)http://semarc/title/6553 850 $aSeMil 852 $aSeMil$W1$xVenegono$y1$m2VV V 10$j269683$B78221$CSeMilBibl$Z2$F80420 $81 996 $6245$aDizionario di teologia biblica$9(OLS)http://semarc/title/181658 996 $6260$aGenova :$bMarietti$9(OLS)http://semarc/publisher/29997